[Event "Summer Prague Open A 2020"]
[Site "Prague"]
[Date "2020.08.14"]
[Round "8.2"]
[White "Neuman, Petr"]
[Black "Christiansen, Johan-Sebastian"]
[Result "1/2-1/2"]
[WhiteElo "2381"]
[BlackElo "2612"]
[Annotator "TA"]
[PlyCount "88"]
[EventDate "2020.08.08"]
[EventCountry "CZE"]
[SourceTitle "playchess.com"]
[Source "ChessBase"]
[SourceQuality "1"]

{[%evp 17,88,0,0,0,0,-5,12,0,5,-27,-27,-19,-27,-30,-14,-27,-20,-18,-4,-25,-27,-41,-23,-23,-17,-17,-7,-14,0,0,2,0,10,0,29,12,47,31,83,75,84,95,99,16,16,12,12,8,79,15,112,118,222,159,173,43,82,27,39,13,29,12,16,16,24,16,14,17,13,7,7,0,0]} 1. e4 e5 2. Nf3 Nc6 3. d4 exd4 4. Nxd4 Nf6 5. Nc3 Bb4 6. Nxc6 bxc6 7. Bd3 d5 8. exd5 O-O 9. O-O cxd5 10. h3 {C47: Scotch Four Knights and Four Knights with 4 g3.} c6 11. Qf3 Be7 {11...Rb8 is a critical line.} 12. Ne2 {[#]} Re8 $146 ({Predecessor:} 12... c5 13. c4 d4 14. Qxa8 a6 15. Qf3 Re8 16. Bg5 h6 17. Bf4 Bf8 18. Ng3 g6 {1-0 (28) Tsapaki,A (1274)-Tsiligianni,I Rio 2018}) 13. Nd4 Qb6 14. Nf5 Bxf5 $1 15. Qxf5 Bc5 16. Rb1 Ne4 17. b4 Bd4 (17... Bxb4 $2 18. a3 $18) 18. Bxe4 Rxe4 19. c4 g6 20. Qf3 Rae8 21. cxd5 cxd5 22. a3 Qb5 23. Bh6 Bh8 24. Rfd1 d4 25. Rbc1 Qe5 26. Bd2 Qd5 27. Qd3 Qf5 (27... Be5 $14) 28. f3 $1 $16 {[%cal Rf3e4]} Re2 (28... Re1+ $2 29. Bxe1 Rxe1+ 30. Kf2 $18) 29. Qxf5 gxf5 30. Kf1 (30. Rc6 $16) 30... d3 $11 31. Rc4 Bb2 32. a4 R8e6 (32... Bf6 $11) 33. Be1 (33. Rc8+ $1 $16 Kg7 34. Rd8) 33... Rc2 {[#]} (33... Bf6 $11) 34. Rc5 $1 $16 Ba3 (34... Bd4 $16) 35. Rd5 (35. Rxf5 $6 Rd6 $16) 35... Rc4 {[#]} 36. b5 ({Don't take} 36. R1xd3 $6 Bxb4 37. Bxb4 Rxb4 $14) (36. Rb1 $1 $18) 36... Rxa4 37. R1xd3 ({White should try} 37. Bc3 $16 {aiming for Rd8+.} Be7 38. R1xd3 (38. R5xd3 Bf6 $14)) 37... Bb2 $11 38. Bd2 ({Avoid the trap} 38. Rxf5 $2 Ra1 $19) 38... f4 39. Rd6 Be5 40. Rxe6 fxe6 41. Rd7 Ra2 {The position is equal.} 42. Be1 Rb2 43. Rxa7 Rxb5 44. Ra5 Rxa5 {Accuracy: White = 73%, Black = 69%.} 1/2-1/2

[Event "Summer Prague Open A 2020"]
[Site "Prague"]
[Date "2020.08.14"]
[Round "8.3"]
[White "Cernousek, Lukas"]
[Black "Mladek, Richard"]
[Result "1-0"]
[WhiteElo "2460"]
[BlackElo "2280"]
[Annotator "ChessBase"]
[PlyCount "88"]
[EventDate "2020.08.08"]
[EventCountry "CZE"]
[SourceTitle "playchess.com"]
[Source "ChessBase"]
[SourceQuality "1"]
[TimeControl "40/5400+30:1800+30"]

1. d4 {[%emt 0:00:00]} Nf6 {[%emt 0:00:00]} 2. c4 {[%emt 0:00:00]} g6 {[%emt 0:00:00]} 3. g3 {[%emt 0:00:00]} c6 {[%emt 0:00:00]} 4. Bg2 {[%emt 0:00:00]} d5 {[%emt 0:00:00]} 5. Qa4 {[%emt 0:00:00]} Nfd7 {[%emt 0:00:05]} 6. cxd5 {[%emt 0:00:11]} Nb6 {[%emt 0:00:01]} 7. Qd1 {[%emt 0:00:13]} cxd5 {[%emt 0:00:03]} 8. e3 {[%emt 0:00:10]} Bg7 {[%emt 0:00:19]} 9. Ne2 {[%emt 0:00:06]} O-O {[%emt 0:01:26]} 10. O-O {[%emt 0:00:36]} Nc6 {[%emt 0:01:04]} 11. Nbc3 {[%emt 0:00:25]} e6 {[%emt 0:05:03]} 12. b3 {[%emt 0:00:15]} Qe7 {[%emt 0:03:12]} 13. a4 {[%emt 0:00:25]} a5 {[%emt 0:05:45]} 14. Ba3 {[%emt 0:09:43]} Qf6 {[%emt 0:10:25]} 15. Bxf8 {[%emt 0:05:39]} Bxf8 {[%emt 0:00:02]} 16. Nf4 {[%emt 0:00:17]} Bd7 {[%emt 0:00:43]} 17. Nd3 {[%emt 0:01:14]} Nb4 {[%emt 0:00:07]} 18. Qd2 {[%emt 0:17:46]} Rd8 {[%emt 0:06:41]} 19. Rfc1 {[%emt 0:03:21]} Qf5 {[%emt 0:03:37]} 20. Nxb4 {[%emt 0:11:07]} Bxb4 {[%emt 0:00:22]} 21. Bf1 {[%emt 0:00:07]} Nc8 {[%emt 0:02:42]} 22. Qc2 {[%emt 0:06:00]} Qf6 {[%emt 0:00:53]} 23. Bb5 {[%emt 0:04:20]} Nd6 {[%emt 0:00:20]} 24. Bxd7 {[%emt 0:01:28]} Rxd7 {[%emt 0:01:49]} 25. Qe2 {[%emt 0:08:38]} Kg7 {[%emt 0:00:56]} 26. Kg2 {[%emt 0:02:14]} h5 {[%emt 0:02:24]} 27. Rc2 {[%emt 0:03:34]} Nf5 {[%emt 0:00:58]} 28. Nb5 {[%emt 0:01:23]} e5 {[%emt 0:00:45]} 29. dxe5 {[%emt 0:03:56]} Qxe5 {[%emt 0:00:03]} 30. Rac1 {[%emt 0:03:34]} h4 {[%emt 0:01:44]} 31. Qf3 {[%emt 0:00:23]} d4 {[%emt 0:03:09]} 32. exd4 {[%emt 0:02:33]} Rxd4 {[%emt 0:00:42]} 33. Re2 {[%emt 0:02:00]} Qb8 {[%emt 0:04:32]} 34. Nxd4 {[%emt 0:02:32]} Nxd4 {[%emt 0:00:01]} 35. Qd3 {[%emt 0:00:19]} Nxe2 {[%emt 0:00:25]} 36. Qxe2 {[%emt 0:00:02]} b6 {[%emt 0:00:49]} 37. Qe4 {[%emt 0:02:57]} hxg3 {[%emt 0:02:20]} 38. Qd4+ {[%emt 0:01:35]} Kg8 {[%emt 0:00:45]} 39. hxg3 {[%emt 0:04:39]} Qa8+ {[%emt 0:01:45]} 40. Kg1 {[%emt 0:00:34]} Bc5 {[%emt 0:00:12]} 41. Qf6 {[%emt 0:32:19]} Qb8 {[%emt 0:35:31]} 42. Kh2 {[%emt 0:00:00]} Qc7 {[%emt 0:00:00]} 43. Rc4 {[%emt 0:00:00]} Qe7 {[%emt 0:00:00]} 44. Qxe7 {[%emt 0:00:00]} Bxe7 {[%emt 0:00:00]} 1-0

[Event "Summer Prague Open A 2020"]
[Site "Prague"]
[Date "2020.08.14"]
[Round "8.4"]
[White "Hrabusa, Matej"]
[Black "Svanda, Ondrej"]
[Result "1/2-1/2"]
[WhiteElo "2342"]
[BlackElo "2219"]
[Annotator "ChessBase"]
[PlyCount "85"]
[EventDate "2020.08.08"]
[EventCountry "CZE"]
[SourceTitle "playchess.com"]
[Source "ChessBase"]
[SourceQuality "1"]
[TimeControl "40/5400+30:1800+30"]

1. e4 {[%emt 0:00:00]} c5 {[%emt 0:00:00]} 2. Nf3 {[%emt 0:00:00]} e6 {[%emt 0:00:00]} 3. d3 {[%emt 0:00:11]} Nc6 {[%emt 0:00:00]} 4. g3 {[%emt 0:00:08]} Nf6 {[%emt 0:00:08]} 5. Bg2 {[%emt 0:00:08]} Be7 {[%emt 0:00:06]} 6. O-O {[%emt 0:00:31]} O-O {[%emt 0:00:08]} 7. c3 {[%emt 0:04:02]} d6 {[%emt 0:01:53]} 8. Nbd2 {[%emt 0:01:56]} Qc7 {[%emt 0:01:58]} 9. Re1 {[%emt 0:02:42]} Bd7 {[%emt 0:00:09]} 10. a3 {[%emt 0:02:02]} Ne5 {[%emt 0:00:14]} 11. Nxe5 {[%emt 0:01:11]} dxe5 {[%emt 0:00:02]} 12. a4 {[%emt 0:01:14]} Bc6 {[%emt 0:00:11]} 13. Nc4 {[%emt 0:00:49]} Nd7 {[%emt 0:00:13]} 14. b3 {[%emt 0:02:26]} Nb6 {[%emt 0:08:35]} 15. Ne3 {[%emt 0:03:12]} Rad8 {[%emt 0:01:07]} 16. a5 {[%emt 0:03:50]} Nc8 {[%emt 0:02:16]} 17. Nc4 {[%emt 0:10:56]} Bf6 {[%emt 0:16:50]} 18. Qe2 {[%emt 0:07:04]} Nd6 {[%emt 0:04:55]} 19. Ne3 {[%emt 0:04:50]} Nb5 {[%emt 0:04:15]} 20. Bb2 {[%emt 0:02:00]} g6 {[%emt 0:01:59]} 21. Nc4 {[%emt 0:05:27]} Nd6 {[%emt 0:08:13]} 22. Nxd6 {[%emt 0:04:50]} Rxd6 {[%emt 0:07:52]} 23. d4 {[%emt 0:00:42]} Rfd8 {[%emt 0:00:02]} 24. Ba3 {[%emt 0:04:00]} R6d7 {[%emt 0:02:39]} 25. dxc5 {[%emt 0:05:17]} Rd2 {[%emt 0:05:31]} 26. Qc4 {[%emt 0:01:55]} Qd7 {[%emt 0:03:18]} 27. Bc1 {[%emt 0:01:13]} Rc2 {[%emt 0:00:26]} 28. Be3 {[%emt 0:01:47]} Qd3 {[%emt 0:01:11]} 29. Qxd3 {[%emt 0:01:20]} Rxd3 {[%emt 0:00:01]} 30. a6 {[%emt 0:02:39]} Rdxc3 {[%emt 0:01:52]} 31. Reb1 {[%emt 0:01:55]} bxa6 {[%emt 0:08:59]} 32. Rxa6 {[%emt 0:00:07]} Bb5 {[%emt 0:00:00]} 33. Rxa7 {[%emt 0:00:29]} Kg7 {[%emt 0:00:13]} 34. b4 {[%emt 0:02:04]} h6 {[%emt 0:00:30]} 35. Rb7 {[%emt 0:03:00]} Bd3 {[%emt 0:00:02]} 36. Ra1 {[%emt 0:01:34]} Bg5 {[%emt 0:01:08]} 37. Bxg5 {[%emt 0:06:07]} hxg5 {[%emt 0:00:52]} 38. h3 {[%emt 0:03:15]} Rc1+ {[%emt 0:00:13]} 39. Rxc1 {[%emt 0:00:05]} Rxc1+ {[%emt 0:00:01]} 40. Kh2 {[%emt 0:00:09]} Rc2 {[%emt 0:00:02]} 41. Rd7 {[%emt 0:36:53]} Bb5 {[%emt 0:30:01]} 42. Rb7 {[%emt 0:01:24]} Bd3 {[%emt 0:00:01]} 43. Kg1 1/2-1/2

[Event "Summer Prague Open A 2020"]
[Site "Prague"]
[Date "2020.08.14"]
[Round "8.5"]
[White "Kasioumis, Vasilios"]
[Black "Pozdnjakov, Viatcheslav"]
[Result "0-1"]
[WhiteElo "2277"]
[BlackElo "2300"]
[Annotator "ChessBase"]
[PlyCount "90"]
[EventDate "2020.08.08"]
[EventCountry "CZE"]
[SourceTitle "playchess.com"]
[Source "ChessBase"]
[SourceQuality "1"]
[TimeControl "40/5400+30:1800+30"]

1. e4 {[%emt 0:00:00]} e6 {[%emt 0:00:00]} 2. d4 {[%emt 0:00:00]} d5 {[%emt 0:00:00]} 3. Nc3 {[%emt 0:00:00]} Nf6 {[%emt 0:00:25]} 4. e5 {[%emt 0:00:00]} Nfd7 {[%emt 0:00:10]} 5. f4 {[%emt 0:00:00]} c5 {[%emt 0:00:11]} 6. Nf3 {[%emt 0:00:00]} Nc6 {[%emt 0:00:10]} 7. Be3 {[%emt 0:00:00]} cxd4 {[%emt 0:01:27]} 8. Nxd4 {[%emt 0:00:00]} Qb6 {[%emt 0:00:26]} 9. Qd2 {[%emt 0:00:01]} Qxb2 {[%emt 0:00:22]} 10. Rb1 {[%emt 0:00:03]} Qa3 {[%emt 0:00:07]} 11. Bb5 {[%emt 0:00:05]} Nxd4 {[%emt 0:00:25]} 12. Bxd4 {[%emt 0:00:07]} a6 {[%emt 0:00:21]} 13. Bxd7+ {[%emt 0:00:06]} Bxd7 {[%emt 0:00:06]} 14. Rb3 {[%emt 0:00:42]} Qe7 {[%emt 0:00:12]} 15. Rxb7 {[%emt 0:00:06]} Rc8 {[%emt 0:00:59]} 16. O-O {[%emt 0:00:37]} Qa3 {[%emt 0:00:16]} 17. Rfb1 {[%emt 0:01:50]} Bc5 {[%emt 0:00:33]} 18. R7b3 {[%emt 0:19:06]} Qa5 {[%emt 0:10:30]} 19. Qe3 {[%emt 0:13:08]} O-O {[%emt 0:06:29]} 20. Ne2 {[%emt 0:06:44]} Ba4 {[%emt 0:07:14]} 21. R3b2 {[%emt 0:00:09]} Bxd4 {[%emt 0:05:42]} 22. Nxd4 {[%emt 0:00:11]} Rc3 {[%emt 0:01:46]} 23. Qf2 {[%emt 0:04:20]} Rc4 {[%emt 0:07:33]} 24. a3 {[%emt 0:10:46]} Qc3 {[%emt 0:08:10]} 25. Rb4 {[%emt 0:05:47]} Rxb4 {[%emt 0:00:46]} 26. axb4 {[%emt 0:07:22]} Rb8 {[%emt 0:02:13]} 27. f5 {[%emt 0:03:17]} Rxb4 {[%emt 0:02:11]} 28. Rxb4 {[%emt 0:01:03]} Qxb4 {[%emt 0:00:10]} 29. h3 {[%emt 0:04:27]} exf5 {[%emt 0:00:49]} 30. Nxf5 {[%emt 0:01:21]} Bd7 {[%emt 0:07:33]} 31. Nd6 {[%emt 0:02:44]} Be6 {[%emt 0:01:09]} 32. Kh2 {[%emt 0:00:52]} Qc3 {[%emt 0:03:10]} 33. Qe2 {[%emt 0:04:36]} a5 {[%emt 0:00:56]} 34. Kg1 {[%emt 0:01:53]} h6 {[%emt 0:00:39]} 35. Nb5 {[%emt 0:01:34]} Qc5+ {[%emt 0:01:31]} 36. Kh1 {[%emt 0:00:06]} d4 {[%emt 0:07:52]} 37. Nd6 {[%emt 0:00:28]} a4 {[%emt 0:03:23]} 38. Qe4 {[%emt 0:01:41]} Qd5 {[%emt 0:01:47]} 39. Qd3 {[%emt 0:01:58]} Qxe5 {[%emt 0:01:12]} 40. Nb5 {[%emt 0:00:05]} Qe3 {[%emt 0:04:55]} 41. Qxe3 {[%emt 0:33:06]} dxe3 {[%emt 0:30:05]} 42. Kg1 {[%emt 0:00:05]} f5 {[%emt 0:02:24]} 43. g3 {[%emt 0:00:42]} g5 {[%emt 0:00:51]} 44. Na3 {[%emt 0:00:20]} f4 {[%emt 0:00:41]} 45. h4 {[%emt 0:00:28]} f3 {[%emt 0:00:19]} 0-1

[Event "Summer Prague Open A 2020"]
[Site "Prague"]
[Date "2020.08.14"]
[Round "8.6"]
[White "Vokac, Marek"]
[Black "Defromont, Benjamin"]
[Result "1-0"]
[WhiteElo "2347"]
[BlackElo "2236"]
[Annotator "TA"]
[PlyCount "125"]
[EventDate "2020.08.08"]
[EventCountry "CZE"]
[SourceTitle "playchess.com"]
[Source "ChessBase"]
[SourceQuality "1"]

{[%evp 9,125,8,23,0,6,8,12,3,2,17,13,26,14,15,27,0,0,0,0,0,0,0,0,0,2,-47,-43,-41,14,9,14,14,12,11,4,7,46,26,18,25,36,18,64,64,68,58,66,64,112,111,127,130,126,120,127,127,129,125,162,141,262,244,227,244,235,236,197,129,129,129,129,137,137,129,129,129,137,113,130,116,170,162,164,152,205,205,204,192,228,229,314,297,300,243,294,262,287,251,309,310,660,639,633,693,29963,29967,8365,9600,29975,29976,12795,10436,4898,3097,29990,29991,29991,29992]} 1. Nf3 d5 2. b3 Nf6 3. Bb2 e6 4. c4 c5 5. cxd5 exd5 6. g3 {A13: English Opening: 1...e6.} Nc6 7. Bg2 d4 8. O-O {The position is equal.} Be7 9. Na3 O-O 10. e3 Bf5 {[#]} 11. Re1 $146 ({Predecessor:} 11. exd4 cxd4 12. Nc4 d3 13. Re1 Nb4 14. Nd4 Bg4 15. Bf3 Bxf3 16. Qxf3 Bc5 17. a3 Bxd4 18. Bxd4 {0-1 (78) Zhao,X (2506)-Kosteniuk,A (2554) Huaian 2016}) 11... Re8 12. Nc4 Nb4 $36 {[%mdl 2048] Black has good play.} 13. exd4 Nd3 14. Re3 Nxb2 15. Nxb2 cxd4 16. Re5 Qd7 17. Nc4 {[%cal Bb2c4,Bc4a5,Ba5c6][%mdl 32]} b5 18. Na5 Bb4 {[#]} (18... Ba3 $15) 19. Nc6 $1 $11 {[%cal Rc6b4][%mdl 512]} Qxc6 20. Rxf5 Rad8 21. Rf4 Qb6 22. Qf1 Ne4 23. Qd3 Nc5 24. Qf5 {a3 is the strong threat.} Qe6 25. Qb1 {aiming for a3.} Qg6 26. Qxg6 hxg6 27. Rxd4 Rxd4 28. Nxd4 Bxd2 29. Nxb5 a6 30. Nd6 Rd8 {[#]} 31. Nc4 $1 Bc3 32. Rc1 Bd4 33. Rc2 Re8 34. Bd5 Nd3 {[#]} (34... Rd8 $16) 35. Bxf7+ $1 {[%mdl 576] Decoy} Kxf7 36. Nd6+ Kf8 {Threatens to win with ...Re1+.} 37. Nxe8 Kxe8 38. Rd2 (38. Kf1 $18 Bf6 39. Rc8+ Bd8 40. Ke2) 38... Ne5 $16 {White must now prevent ...Nf3+.} 39. Kg2 Nc6 40. Kf3 Ke7 41. Ke4 Bf6 42. f4 Ke6 43. Rc2 Kd6 44. h4 a5 (44... Ne7 $16 {keeps fighting.} 45. Rc4 a5) 45. Rh2 $18 Ke6 46. g4 Bd8 (46... Be7 $16 47. h5 gxh5) 47. h5 gxh5 48. Rxh5 Nb4 49. a3 {[%cal Ba2a3,Ba3a4][%mdl 32]} Nc2 50. Re5+ Kf7 51. Rd5 Ke8 52. a4 Nb4 53. Rb5 Nc6 54. Rb7 Kf8 $2 (54... Be7 55. Rc7 Nb4) 55. g5 Be7 56. Kd5 Nb4+ 57. Ke6 Nc6 58. Kd7 Nb4 59. g6 Na6 60. Ra7 {White wants to mate with Ra8+.} Nc5+ 61. Kc6 Ne6 62. Ra8+ Nd8+ {[#]} 63. Kd7 $1 {Accuracy: White = 91%, Black = 58%.} 1-0

[Event "Summer Prague Open A 2020"]
[Site "Prague"]
[Date "2020.08.14"]
[Round "8.7"]
[White "Ludvik, Tomas"]
[Black "Roseneck, Jonas"]
[Result "0-1"]
[WhiteElo "2199"]
[BlackElo "2416"]
[Annotator "ChessBase"]
[PlyCount "58"]
[EventDate "2020.08.08"]
[EventCountry "CZE"]
[SourceTitle "playchess.com"]
[Source "ChessBase"]
[SourceQuality "1"]
[TimeControl "40/5400+30:1800+30"]

1. d4 {[%emt 0:00:00]} Nf6 {[%emt 0:00:00]} 2. c4 {[%emt 0:00:11]} e6 {[%emt 0:00:00]} 3. Nf3 {[%emt 0:00:21]} d5 {[%emt 0:00:00]} 4. Nc3 {[%emt 0:00:26]} Bb4 {[%emt 0:00:00]} 5. Bg5 {[%emt 0:00:31]} dxc4 {[%emt 0:00:00]} 6. e4 {[%emt 0:01:47]} b5 {[%emt 0:00:51]} 7. e5 {[%emt 0:22:33]} h6 {[%emt 0:00:15]} 8. Bd2 {[%emt 0:02:10]} Bxc3 {[%emt 0:02:25]} 9. bxc3 {[%emt 0:00:17]} Nd5 {[%emt 0:04:34]} 10. a4 {[%emt 0:01:25]} c6 {[%emt 0:02:09]} 11. Qb1 {[%emt 0:00:45]} a6 {[%emt 0:09:34]} 12. Be2 {[%emt 0:02:17]} Nd7 {[%emt 0:05:01]} 13. h4 {[%emt 0:07:32]} Rb8 {[%emt 0:22:41]} 14. axb5 {[%emt 0:03:49]} axb5 {[%emt 0:10:47]} 15. h5 {[%emt 0:11:35]} c5 {[%emt 0:06:30]} 16. dxc5 {[%emt 0:05:21]} Qc7 {[%emt 0:00:22]} 17. Qe4 {[%emt 0:02:53]} Ne7 {[%emt 0:05:37]} 18. Rh3 {[%emt 0:09:12]} Nxc5 {[%emt 0:06:55]} 19. Qg4 {[%emt 0:01:09]} Nb3 {[%emt 0:00:13]} 20. Rd1 {[%emt 0:06:15]} Nxd2 {[%emt 0:00:11]} 21. Rxd2 {[%emt 0:01:47]} O-O {[%emt 0:04:20]} 22. Qf4 {[%emt 0:09:49]} b4 {[%emt 0:06:17]} 23. Bxc4 {[%emt 0:03:38]} bxc3 {[%emt 0:00:48]} 24. Rd4 {[%emt 0:02:29]} Rb1+ {[%emt 0:00:43]} 25. Ke2 {[%emt 0:01:50]} c2 {[%emt 0:00:06]} 26. Rg3 {[%emt 0:01:02]} c1=Q {[%emt 0:00:52]} 27. Rxg7+ {[%emt 0:01:14]} Kxg7 {[%emt 0:01:41]} 28. Qf6+ {[%emt 0:00:33]} Kh7 {[%emt 0:00:09]} 29. Rg4 {[%emt 0:01:04]} Q7xc4+ {[%emt 0:00:19]} 0-1

[Event "Summer Prague Open A 2020"]
[Site "Prague"]
[Date "2020.08.14"]
[Round "8.8"]
[White "Simek, Petr"]
[Black "Kratochvil, Vit"]
[Result "0-1"]
[WhiteElo "2330"]
[BlackElo "2205"]
[Annotator "ChessBase"]
[PlyCount "74"]
[EventDate "2020.08.08"]
[EventCountry "CZE"]
[SourceTitle "playchess.com"]
[Source "ChessBase"]
[SourceQuality "1"]
[TimeControl "40/5400+30:1800+30"]

1. c4 {[%emt 0:00:00]} c5 {[%emt 0:00:00]} 2. g3 {[%emt 0:00:00]} g6 {[%emt 0:00:36]} 3. Bg2 {[%emt 0:00:00]} Bg7 {[%emt 0:00:06]} 4. Nc3 {[%emt 0:00:00]} Nc6 {[%emt 0:00:15]} 5. a3 {[%emt 0:00:00]} d6 {[%emt 0:01:23]} 6. Rb1 {[%emt 0:00:04]} a5 {[%emt 0:03:09]} 7. Nf3 {[%emt 0:11:54]} e5 {[%emt 0:04:02]} 8. d3 {[%emt 0:00:33]} Nge7 {[%emt 0:00:31]} 9. Bd2 {[%emt 0:04:41]} O-O {[%emt 0:01:03]} 10. O-O {[%emt 0:00:47]} h6 {[%emt 0:16:18]} 11. Ne1 {[%emt 0:02:12]} Be6 {[%emt 0:02:32]} 12. Nc2 {[%emt 0:29:16]} d5 {[%emt 0:12:22]} 13. cxd5 {[%emt 0:00:06]} Nxd5 {[%emt 0:00:06]} 14. Ne3 {[%emt 0:01:00]} Nb6 {[%emt 0:32:49]} 15. Ne4 {[%emt 0:13:48]} Qe7 {[%emt 0:02:51]} 16. Rc1 {[%emt 0:00:13]} Nd7 {[%emt 0:05:17]} 17. Nc3 {[%emt 0:05:54]} Nb6 {[%emt 0:04:37]} 18. Ne4 {[%emt 0:00:14]} Nd7 {[%emt 0:00:28]} 19. Nc4 {[%emt 0:03:44]} Ra6 {[%emt 0:02:22]} 20. Ned6 {[%emt 0:01:42]} Rb8 {[%emt 0:02:05]} 21. Nb5 {[%emt 0:01:08]} Nb6 {[%emt 0:02:16]} 22. b3 {[%emt 0:09:39]} Nd4 {[%emt 0:03:37]} 23. Nxd4 {[%emt 0:02:04]} exd4 {[%emt 0:01:08]} 24. Nxa5 {[%emt 0:01:41]} Nd5 {[%emt 0:01:13]} 25. a4 {[%emt 0:02:13]} Nc3 {[%emt 0:00:49]} 26. Bxc3 {[%emt 0:00:05]} dxc3 {[%emt 0:00:01]} 27. Nc4 {[%emt 0:00:15]} Bg4 {[%emt 0:00:55]} 28. Re1 {[%emt 0:01:03]} b5 {[%emt 0:00:34]} 29. axb5 {[%emt 0:01:00]} Rxb5 {[%emt 0:00:01]} 30. Qc2 {[%emt 0:03:32]} Qa7 {[%emt 0:00:55]} 31. Ne3 {[%emt 0:01:36]} Ra2 {[%emt 0:00:28]} 32. Qxa2 {[%emt 0:04:49]} Qxa2 {[%emt 0:00:02]} 33. Nxg4 {[%emt 0:00:05]} Qxb3 {[%emt 0:00:53]} 34. Ne3 {[%emt 0:00:02]} Rb8 {[%emt 0:00:39]} 35. Bd5 {[%emt 0:01:22]} Qa4 {[%emt 0:00:30]} 36. Rc2 {[%emt 0:00:36]} Rb2 {[%emt 0:00:30]} 37. Rec1 {[%emt 0:00:25]} Bd4 {[%emt 0:00:22]} 0-1

[Event "Summer Prague Open A 2020"]
[Site "Prague"]
[Date "2020.08.14"]
[Round "8.9"]
[White "Richter, Philipp"]
[Black "Buchenau, Frank"]
[Result "1/2-1/2"]
[WhiteElo "2127"]
[BlackElo "2278"]
[Annotator "TA"]
[PlyCount "144"]
[EventDate "2020.08.08"]
[EventCountry "CZE"]
[SourceTitle "playchess.com"]
[Source "ChessBase"]
[SourceQuality "1"]

{[%evp 16,144,36,32,37,35,31,32,47,35,89,24,31,22,46,0,32,22,29,30,35,24,25,24,45,29,62,54,64,47,52,8,73,69,85,69,58,54,73,20,43,-33,19,37,14,8,8,0,0,0,126,117,158,147,136,146,144,152,147,117,146,129,95,96,101,106,232,85,83,74,63,54,67,29,46,35,141,50,43,-56,0,0,0,0,24,0,180,0,0,0,-20,-70,-79,-123,-114,-94,0,0,247,37,393,239,245,222,293,257,482,0,0,0,375,375,375,225,225,226,228,219,230,228,220,227,318,311,577,572,543,0,539,0,539]} 1. d4 e6 2. c4 Nf6 3. Nc3 Bb4 4. Qc2 c5 5. dxc5 O-O 6. a3 Bxc5 7. Bf4 b6 8. Nf3 Bb7 9. Rd1 Nh5 {E39: Nimzo-Indian: Classical: 4...c5 5 dxc5 0-0.} 10. Bc1 Nf6 11. b4 Be7 {White is slightly better.} 12. e4 Qc7 ({Black should try} 12... Nc6 $14) 13. Be2 (13. Nb5 $16 Qc6 14. e5) 13... Nc6 $11 14. O-O Rac8 15. h3 Rfd8 16. Be3 Qb8 17. Rd2 d6 {[#]} 18. Rc1 $146 ({Predecessor:} 18. Rfd1 h6 19. Qb1 Ne8 20. Nb5 Ba8 21. Bf4 a6 22. Nc3 Bf6 23. Na4 b5 24. Nc5 bxc4 25. Bxc4 {1-0 (45) Hoang,T (2511)-Botsari,A (2338) Warsaw 2013}) 18... Nd7 19. Qb3 Nde5 20. Ne1 Ba8 21. f4 Nd7 22. Nf3 Bf8 23. g4 h6 (23... Ne7 $11) 24. g5 hxg5 25. Nxg5 Nf6 26. Rcd1 Ne7 27. Qb1 ({Better is} 27. h4 $16) 27... Ng6 28. Kf2 (28. Bd3 $14) 28... d5 (28... Be7 $15) 29. e5 $36 {[%mdl 2048] White has the initiative.} (29. exd5 $2 Nxf4 30. Rd4 Nxh3+ $1 {[%mdl 512]} 31. Nxh3 Qh2+ 32. Ke1 Qxh3 $19) 29... Nxe5 30. fxe5 Qxe5 31. Rd4 {Black must now prevent Bf4.} Qh2+ (31... Bd6 $6 32. Bf4 $16) 32. Kf1 $1 Bd6 (32... dxc4 $11 {remains equal.} 33. Bh5 (33. Rxd8 Bg2+ 34. Ke1 Qg3+ 35. Bf2 Qxc3+ {[%mdl 64] Double Attack} 36. R8d2 Qxa3 $11) 33... Qh1+ 34. Ke2 Qg2+ 35. Ke1 Qh1+ 36. Ke2 Qg2+ 37. Ke1 Qg3+ 38. Ke2 Qh2+ 39. Bf2 Qe5+ {[%mdl 64] Double Attack} 40. Be3 (40. Nce4 Nxe4 {[%mdl 64] Pin} 41. Bxf7+ Kh8 $15) 40... Qh2+ 41. Bf2 Qe5+ {[%mdl 64] Double Attack} 42. Be3 (42. Nce4 Nxe4 43. Bxf7+ Kh8 $15) 42... Qh2+) 33. Bf3 $16 Be5 34. R1d2 Bxd4 35. Rxh2 Bxe3 36. h4 Rxc4 37. Nd1 Bf4 38. Rc2 Rdc8 39. Rxc4 Rxc4 40. Kg2 e5 (40... Bc6 $16) 41. Qb3 (41. Nh3 $18 {and White stays clearly on top.}) 41... e4 42. Be2 Rc7 43. Kf2 Be5 44. Ke1 Bb7 45. a4 g6 {[#]} (45... Bc8 $14) 46. a5 (46. h5 $1 $16 {[%mdl 512]}) 46... Kg7 $14 47. Kd2 (47. Kf1 $14) 47... Bc8 (47... Re7 $15) 48. Ke1 $11 Bd7 49. Kd2 b5 50. Ke1 Be8 $2 {[#]} (50... a6 $11) 51. Kf2 $2 (51. h5 $1 $18 {[%mdl 512]}) 51... d4 52. h5 gxh5 53. Qh3 {Hoping for Qg2.} Bd7 54. Qg2 {Threatening mate with Ne6+!} Bg4 $1 55. Bxg4 hxg4 ({Black should play} 55... Rc2+ $1 $17 56. Be2 Ng4+ 57. Kg1 d3 58. Bxg4 (58. Qf1 $2 dxe2 59. Qxe2 {[%mdl 64] Remove Defender} Rxe2 $19) 58... Rxg2+ 59. Kxg2 hxg4 60. Nxe4 f5) 56. Ke1 e3 $2 (56... Bd6 $11 {and Black has nothing to worry.} 57. Nxe4 Nxe4 58. Qxg4+ Kf8) 57. Ne4 $2 (57. Nf3 $1 $18 {[%cal Rf3e5]} Re7 58. Nb2) 57... Nxe4 $4 {[%mdl 8192]} (57... a6 $1 $14) 58. Qxg4+ Kf6 59. Qxe4 {Strongly threatening Nb2.} Ke6 60. Qg4+ Kd5 $2 (60... Kf6 {was called for.} 61. Qh4+ Ke6) 61. Ke2 $2 ({Only move:} 61. Qf5 $18) 61... Rc2+ 62. Kf3 Rd2 $2 {[%mdl 8192] [#]} (62... e2 $1 $11 63. Qd7+ (63. Qe4+ $2 Kd6 $19) 63... Kc4 $1 {[%mdl 512]} 64. Qxf7+ Kxb4) 63. Nxe3+ $1 $18 {[%mdl 512]} dxe3 {[%mdl 4096] Endgame KQ-KRB} 64. Qe4+ Kd6 65. Qxe3 ({But not} 65. Kxe3 $6 Rd5) 65... Rd4 {[#]} 66. Qh6+ $1 Kd5 67. Qa6 Rf4+ {[#]} 68. Ke2 $1 Rxb4 (68... Re4+ $142 69. Kf3 Rf4+ 70. Kg2 Rg4+ 71. Kh3 Rg3+ 72. Kh4 Rg7 73. Qxb5+ Ke4 74. Qe2+ Kd5 75. Qd3+ Bd4 76. Qf5+ Be5) 69. Qxa7 Rb2+ $2 (69... Re4+ 70. Kd3 Rd4+ 71. Kc2 Rc4+ 72. Kb3 Rc7) 70. Kd3 Rb3+ 71. Ke2 Rb2+ 72. Kd3 Rb3+ {[%mdl 32768] Accuracy: White = 61%, Black = 56%. . An unexpected result.} 1/2-1/2